Serbian Superliga Top 3 Positions - Statistics

General Stats
  • This quiz has been taken 120 times
    53 since last reset
  • The average score is 6 of 8
Answer Stats
Team % Correct
Crvena Zvezda
100%
Partizan
96%
Vojvodina
90%
Radnički Niš
79%
TSC Bačka Topola
75%
Čukarički
73%
OFK Beograd
58%
Jagodina
40%
No matching quizzes found
Score Distribution
Percent of People with Each Score
Percentile by Number Answered
Your Score History
You have not taken this quiz since the last reset